000 00419nam a22001697a 4500
003 OSt
005 20170415124328.0
008 150625b xxu||||| |||| 00| 0 eng d
020 _a9784889636994
040 _cna
041 _aeng
245 1 0 _aJSCA Japanese Stamp Specialized Catalogue 1996
260 _aTokyo, Japan
_bJapan Philatelic Society
300 _a0 pages
700 1 _aMizuhara, Meiso
942 _2lcc
_cCAT
999 _c1626
_d1626